Statistics for Country Shooting Gallery #5

Click here to take the quiz!

General Stats

  • This quiz has been taken 139 times
  • The average score is 20 of 25

Answer Stats

Country% Correct
India
91%
Iran
90%
Honduras
89%
Indonesia
89%
Iraq
89%
Haiti
84%
Israel
83%
Hungary
83%
Ireland
83%
Jordan
83%
Japan
82%
Kazakhstan
82%
Iceland
81%
Kenya
81%
Kuwait
77%
Jamaica
76%
Italy
74%
Guyana
73%
Kiribati
73%
Kyrgyzstan
73%
Laos
73%
Kosovo
72%
Guinea
70%
Guinea-Bissau
69%
Latvia
67%

Score Distribution

Percentile by Number Answered

Percent of People with Each Score

Your Score History

You have not taken this quiz